000 00565nam a2200169 i 4500
001 71007
003 ES-MaACL
005 20230906171005.0
007 t|
008 040804s1956 sp ||||1| spa d
100 1 _aGascón Pelegri, Vicente.
_955864
245 1 3 _aLa región valenciana en la Guerra de Sucesión /
_cVicente Gascón Pelegri ; prólogo de Martín Domínguez.
260 _aValencia :
_b[s.n.,
_c1956] (
_fSucs. de Vives Mora)
300 _a204 p., 6 lám. ;
_c22 cm.
700 1 _aDomínguez, Martín.
_945173
852 _aES-MaACL
_jC-11912
_bR.39951
999 _c71007
_d71007